| 000 | 00000nam 2200000zi 4500 |
| 001 | 9.923972 |
| 003 | CaOODSP |
| 005 | 20231108102310 |
| 006 | m o d f |
| 007 | cr |n||||||||| |
| 008 | 230616t20232023onc ob f|0| 0 eng d |
| 020 | |a9780660491523 |
| 040 | |aCaOODSP|beng|erda|cCaOODSP |
| 043 | |an-cn--- |
| 086 | 1 |aH164-267/2023E-PDF |
| 245 | 00|aGuidance document : |bmaster files (MFs) - procedures and administrative requirements. |
| 246 | 17|aMaster files – procedures and administrative requirements |
| 264 | 1|a[Ottawa] : |bHealth Canada = Santé Canada, |c2023. |
| 264 | 4|c©2023 |
| 300 | |a1 online resource (41 pages) |
| 336 | |atext|btxt|2rdacontent |
| 337 | |acomputer|bc|2rdamedia |
| 338 | |aonline resource|bcr|2rdacarrier |
| 500 | |aIssued also in French under title: Ligne directrice : fiches maîtresses (FMs) - procédures et exigences administratives. |
| 500 | |a"Date adopted 2008-08-08. Effective date 2023-06-26. Revised date 2023-06-01." |
| 504 | |aIncludes bibliographical references (pages 34-36). |
| 650 | 0|aPharmaceutical policy|zCanada. |
| 650 | 0|aDrug approval|zCanada. |
| 710 | 1 |aCanada. |bHealth Canada, |eissuing body. |
| 775 | 08|tLigne directrice : |w(CaOODSP)9.923974 |
| 794 | |tGuidance document : |w(CaOODSP)9.930087 |
| 795 | |tGuidance document : |w(CaOODSP)9.906439 |
| 856 | 40|qPDF|s940 KB|uhttps://publications.gc.ca/collections/collection_2023/sc-hc/H164-267-2023-eng.pdf |
| 856 | 4 |qHTML|sN/A|uhttps://www.canada.ca/en/health-canada/services/drugs-health-products/drug-products/applications-submissions/guidance-documents/master-files-procedures-administrative-requirements.html |
| 986 | |a230136 |